[Event "BCF-chT3 0809 (4NCL)"]
[Site "Hinckley Island"]
[Date "2009.03.22"]
[Round "8.3"]
[White "Holland, James P"]
[Black "Meechan, Catriona"]
[Result "1/2-1/2"]
[WhiteElo "1920"]
[BlackElo "1780"]
[PlyCount "33"]
[EventDate "2008.10.18"]
[EventType "team-swiss"]
[EventRounds "11"]
[EventCountry "ENG"]
[SourceTitle "EXT 2010"]
[Source "ChessBase"]
[SourceDate "2010.11.25"]
[SourceVersion "1"]
[SourceVersionDate "2010.11.25"]
[SourceQuality "1"]
[WhiteTeam "Conquistadors"]
[BlackTeam "AMCA Hippos"]
[WhiteTeamCountry "ENG"]
[BlackTeamCountry "ENG"]

1. e4 g6 2. d4 Bg7 3. Nc3 d6 4. f4 Nd7 5. Nf3 a6 6. Bd3 c5 7. Be3 cxd4 8. Bxd4 Bxd4 9. Nxd4 b5 10. Nd5 Bb7 11. 0-0 e6 12. Ne3 Nc5 13. Nb3 Qb6 14. Nxc5 dxc5 15. c4 0-0-0 16. Qc2 Ne7 17. Rac1 1/2-1/2

[Event "BCF-chT3 0809 (4NCL)"]
[Site "Hinckley Island"]
[Date "2009.03.21"]
[Round "7.2"]
[White "Yeo, Gareth"]
[Black "Meechan, Catriona"]
[Result "1-0"]
[WhiteElo "2044"]
[BlackElo "1780"]
[PlyCount "71"]
[EventDate "2008.10.18"]
[EventType "team-swiss"]
[EventRounds "11"]
[EventCountry "ENG"]
[SourceTitle "EXT 2010"]
[Source "ChessBase"]
[SourceDate "2010.11.25"]
[SourceVersion "1"]
[SourceVersionDate "2010.11.25"]
[SourceQuality "1"]
[WhiteTeam "WOB"]
[BlackTeam "AMCA Hippos"]
[WhiteTeamCountry "ENG"]
[BlackTeamCountry "ENG"]

1. e4 g6 2. d4 Bg7 3. c4 d6 4. Nc3 Nd7 5. Be3 c6 6. Qd2 Qc7 7. f3 e5 8. 0-0-0 Ngf6 9. dxe5 dxe5 10. g4 b6 11. Kb1 Bb7 12. g5 Nh5 13. Bh3 0-0-0 14. c5 b5 15. a4 a6 16. axb5 axb5 17. Nge2 Rhe8 18. Ng3 Nf4 19. Bxf4 exf4 20. Nge2 Be5 21. b4 Re7 22. Bg4 Kb8 23. h4 Bc8 24. Nd4 Ree8 25. Nce2 Bxd4 26. Nxd4 Ne5 27. Qxf4 Nxg4 28. Nxc6+ Kb7 29. Nxd8+ Rxd8 30. Qxc7+ Kxc7 31. Rxd8 Kxd8 32. fxg4 Bxg4 33. Kb2 Kd7 34. Kc3 Kc6 35. Kd4 Be6 36. Ra1 1-0

[Event "BCF-chT3 0809 (4NCL)"]
[Site "Hinckley Island"]
[Date "2009.02.08"]
[Round "6.4"]
[White "Meechan, Catriona"]
[Black "Lai, Yi Ming"]
[Result "1/2-1/2"]
[WhiteElo "1780"]
[BlackElo "1835"]
[PlyCount "30"]
[EventDate "2008.10.18"]
[EventType "team-swiss"]
[EventRounds "11"]
[EventCountry "ENG"]
[SourceTitle "EXT 2010"]
[Source "ChessBase"]
[SourceDate "2010.11.25"]
[SourceVersion "1"]
[SourceVersionDate "2010.11.25"]
[SourceQuality "1"]
[WhiteTeam "AMCA Hippos"]
[BlackTeam "Oxford III"]
[WhiteTeamCountry "ENG"]
[BlackTeamCountry "ENG"]

1. Nf3 f5 2. d4 Nf6 3. e3 e6 4. Bd3 Bb4+ 5. Bd2 Bxd2+ 6. Nbxd2 d6 7. Qe2 0-0 8. c3 Nc6 9. 0-0-0 Re8 10. Rhe1 e5 11. dxe5 dxe5 12. e4 f4 13. Bc4+ Be6 14. Ng5 Bxc4 15. Qxc4+ Kh8 1/2-1/2

[Event "BCF-chT3 0809 (4NCL)"]
[Site "Hinckley Island"]
[Date "2008.10.19"]
[Round "2.5"]
[White "Stimpson, Philip M"]
[Black "Meechan, Catriona"]
[Result "1/2-1/2"]
[WhiteElo "2079"]
[BlackElo "1780"]
[PlyCount "53"]
[EventDate "2008.10.18"]
[EventType "team-swiss"]
[EventRounds "11"]
[EventCountry "ENG"]
[SourceTitle "EXT 2010"]
[Source "ChessBase"]
[SourceDate "2010.11.25"]
[SourceVersion "1"]
[SourceVersionDate "2010.11.25"]
[SourceQuality "1"]
[WhiteTeam "Guildford IV"]
[BlackTeam "AMCA Hippos"]
[WhiteTeamCountry "ENG"]
[BlackTeamCountry "ENG"]

1. e4 g6 2. d4 Bg7 3. Nf3 d6 4. Nc3 Nf6 5. h3 0-0 6. Be3 c6 7. a4 Qc7 8. Bc4 Nbd7 9. 0-0 e5 10. dxe5 Nxe5 11. Nxe5 dxe5 12. Qe2 Re8 13. Rfd1 Be6 14. Rd2 Bxc4 15. Qxc4 Rad8 16. Rad1 Rxd2 17. Rxd2 Re7 18. Qc5 b6 19. Qd6 Rd7 20. Qxc7 Rxc7 21. Rd8+ Bf8 22. Bh6 Nd7 23. f4 f6 24. fxe5 fxe5 25. Bxf8 Nxf8 26. Re8 Kf7 27. Rd8 1/2-1/2